[Event "Gütersloher SV 1 - Bahn-SC Wuppertal 1"]
[Site "NRW-Klasse, Gruppe 2 2014/201"]
[Date "2014.11.16"]
[Round "3.6"]
[White "Scharnowski, Tobias"]
[Black "Bogorad, Michail"]
[Result "0-1"]
[WhiteElo "2005"]
[BlackElo "2040"]
[PlyCount "56"]
[EventDate "2014.??.??"]
[WhiteTeam "Gütersloher SV 1"]
[BlackTeam "Bahn-SC Wuppertal 1"]

1. e4 c5 2. Nf3 g6 3. d4 cxd4 4. Nxd4 Bg7 5. c4 Nc6 6. Nc2 d6 7. Be2 Nh6 8. O-O
O-O 9. Nc3 f5 10. Rb1 fxe4 11. Nxe4 Bf5 12. Ng3 Bxc2 13. Qxc2 Nd4 14. Qd3 e5
15. Ne4 d5 16. cxd5 Qxd5 17. Qc4 Nxe2+ 18. Qxe2 Qxa2 19. Bxh6 Bxh6 20. Qb5 Qf7
21. Rbd1 Rad8 22. Qxe5 Rde8 23. Qd4 Bg7 24. Qa4 b5 25. Qc2 Qf5 26. f3 Kh8 27.
Qb3 Rxe4 28. g4 Qc5+ 0-1

[Event "Gütersloher SV 1 - Bahn-SC Wuppertal 1"]
[Site "NRW-Klasse, Gruppe 2 2014/201"]
[Date "2014.11.16"]
[Round "3.7"]
[White "Peters, Ortwin"]
[Black "Krueger, Tim"]
[Result "1/2-1/2"]
[WhiteElo "1961"]
[BlackElo "2036"]
[PlyCount "46"]
[EventDate "2014.??.??"]
[WhiteTeam "Bahn-SC Wuppertal 1"]
[BlackTeam "Gütersloher SV 1"]

1. c4 b6 2. Nf3 Bb7 3. Nc3 e6 4. d4 f5 5. g3 Nf6 6. a3 Be7 7. Bg2 O-O 8. O-O
Ne4 9. Qc2 Nxc3 10. Qxc3 Bf6 11. e3 d6 12. b4 Nd7 13. Bb2 Qe7 14. Qb3 Be4 15.
Rfd1 g5 16. Rd2 Kh8 17. Rad1 Rf7 18. Ne1 Bxg2 19. Nxg2 e5 20. c5 e4 21. cxb6
axb6 22. Qd5 Raf8 23. Qxf5 Bg7 1/2-1/2

[Event "Gütersloher SV 1 - Bahn-SC Wuppertal 1"]
[Site "NRW-Klasse, Gruppe 2 2014/201"]
[Date "2014.11.16"]
[Round "3.8"]
[White "Kapitza, Mathias"]
[Black "Bashilin, Roman"]
[Result "0-1"]
[WhiteElo "1977"]
[BlackElo "2211"]
[PlyCount "84"]
[EventDate "2014.??.??"]
[WhiteTeam "Gütersloher SV 1"]
[BlackTeam "Bahn-SC Wuppertal 1"]

1. Nf3 d5 2. g3 c6 3. Bg2 Bf5 4. O-O h6 5. d3 Nf6 6. Nbd2 e6 7. c4 Be7 8. Qb3
Qb6 9. Qxb6 axb6 10. cxd5 exd5 11. e4 dxe4 12. Nd4 Bh7 13. dxe4 O-O 14. e5 Nfd7
15. f4 Nc5 16. N2b3 Nd3 17. Bh3 Na6 18. Nf5 Rfe8 19. Rd1 Nac5 20. Be3 Nxb2 21.
Rdb1 Nca4 22. Bxb6 Ba3 23. Bd4 Red8 24. Re1 Bxf5 25. Bxf5 Rxd4 26. Nxd4 Bc5 27.
Re4 Nc3 28. Ree1 Bxd4+ 29. Kg2 Nc4 30. e6 Ne3+ 31. Rxe3 Bxe3 32. Re1 Bd2 33.
Re5 fxe6 34. Rxe6 Nd5 35. Bg6 Bb4 36. Kf3 Ne7 37. Bc2 Kf7 38. Bb3 Nd5 39. Bxd5
cxd5 40. Rb6 Be7 41. Rxb7 Rxa2 42. h3 Ra3+ 0-1

[Event "SK Münster 1 - DJK Aufwärts Aachen 2"]
[Site "NRW-Klasse, Gruppe 2 2014/201"]
[Date "2014.11.16"]
[Round "3.1"]
[White "Roeder, Matthias"]
[Black "Wolter, Kai"]
[Result "1/2-1/2"]
[WhiteElo "2395"]
[BlackElo "2269"]
[PlyCount "73"]
[EventDate "2014.??.??"]
[WhiteTeam "DJK Aufwärts Aachen 2"]
[BlackTeam "SK Münster 1"]

1. Nf3 Nf6 2. c4 g6 3. Nc3 Bg7 4. e4 d6 5. d4 O-O 6. h3 c5 7. d5 e6 8. Bd3 Na6
9. O-O Nc7 10. Bg5 h6 11. Be3 exd5 12. exd5 b5 13. b3 b4 14. Ne2 a5 15. Qd2 Kh7
16. a4 Nce8 17. Nf4 Ng8 18. Rad1 Ra7 19. Qc2 f5 20. g3 Qf6 21. h4 Qb2 22. Rfe1
Qxc2 23. Bxc2 Nef6 24. Ne6 Bxe6 25. dxe6 Ne8 26. Bf4 Ra6 27. e7 Rf7 28. h5 gxh5
29. Nh4 Nxe7 30. Nxf5 Nxf5 31. Rxe8 Bd4 32. Re6 Kg7 33. Kg2 Rf6 34. Rde1 Bc3
35. R1e4 Rxe6 36. Rxe6 Nd4 37. Rg6+ 1/2-1/2

[Event "SK Münster 1 - DJK Aufwärts Aachen 2"]
[Site "NRW-Klasse, Gruppe 2 2014/201"]
[Date "2014.11.16"]
[Round "3.2"]
[White "Kuijf, Marinus"]
[Black "Gulbas, Cemil"]
[Result "1/2-1/2"]
[WhiteElo "2339"]
[BlackElo "2346"]
[PlyCount "42"]
[EventDate "2014.??.??"]
[WhiteTeam "SK Münster 1"]
[BlackTeam "DJK Aufwärts Aachen 2"]

1. e4 d6 2. d4 Nf6 3. Nc3 g6 4. Bg5 Bg7 5. Qd2 Nbd7 6. O-O-O h6 7. Bh4 g5 8.
Bg3 Nh5 9. e5 Nb6 10. Qe3 Bf5 11. Be2 Nxg3 12. hxg3 e6 13. g4 Bg6 14. g3 Qe7
15. f4 O-O-O 16. Nf3 f6 17. exd6 Qxd6 18. Nb5 Qd5 19. Nc3 Qd6 20. Nb5 Qd5 21.
Nc3 Qd6 1/2-1/2

[Event "SK Münster 1 - DJK Aufwärts Aachen 2"]
[Site "NRW-Klasse, Gruppe 2 2014/201"]
[Date "2014.11.16"]
[Round "3.3"]
[White "Hautot, Stephane"]
[Black "Webb, Laurence"]
[Result "1-0"]
[WhiteElo "2318"]
[BlackElo "2237"]
[PlyCount "67"]
[EventDate "2014.??.??"]
[WhiteTeam "DJK Aufwärts Aachen 2"]
[BlackTeam "SK Münster 1"]

1. d4 Nf6 2. Nf3 c5 3. c4 cxd4 4. Nxd4 d5 5. cxd5 Nxd5 6. e4 Nb4 7. Bb5+ Bd7 8.
Bc4 N8c6 9. O-O Nxd4 10. Qxd4 e6 11. Na3 Bc6 12. Qc3 a6 13. Re1 Qf6 14. Be3
Bxe4 15. Bd4 Qg6 16. Bf1 Bc6 17. Nc4 Be7 18. Ne5 Qc2 19. Qg3 Bf6 20. a3 Nd5 21.
Rac1 Bxe5 22. Qxe5 Qg6 23. Rxc6 bxc6 24. Qd6 Qc2 25. Bc5 Rc8 26. Re5 Rc7 27.
Rxd5 exd5 28. Qxc7 Qxc5 29. Qc8+ Ke7 30. Qxh8 Qd4 31. Qb8 c5 32. Qb7+ Kf8 33.
Bxa6 c4 34. Qb4+ 1-0

[Event "SK Münster 1 - DJK Aufwärts Aachen 2"]
[Site "NRW-Klasse, Gruppe 2 2014/201"]
[Date "2014.11.16"]
[Round "3.4"]
[White "Chilla, Jan Eric"]
[Black "Skulener, Wladimir"]
[Result "0-1"]
[WhiteElo "2214"]
[BlackElo "2282"]
[PlyCount "96"]
[EventDate "2014.??.??"]
[WhiteTeam "SK Münster 1"]
[BlackTeam "DJK Aufwärts Aachen 2"]

1. Nf3 f5 2. g3 Nf6 3. Bg2 g6 4. O-O Bg7 5. d4 O-O 6. b3 Ne4 7. Bb2 c5 8. e3
Nc6 9. c4 e6 10. Qe2 d6 11. Rd1 Qe7 12. Nc3 Nxc3 13. Bxc3 e5 14. dxe5 dxe5 15.
Ne1 e4 16. Bxg7 Qxg7 17. f4 Be6 18. Qc2 Rad8 19. a3 Qc7 20. Kf2 Qa5 21. Qb2 Qb6
22. Bf1 Na5 23. b4 cxb4 24. c5 Qc7 25. axb4 Nb3 26. Rab1 a5 27. Qc2 Rxd1 28.
Rxd1 axb4 29. Bc4 Nxc5 30. Bxe6+ Nxe6 31. Qb3 Qf7 32. Qxb4 Rc8 33. Qb5 Rc6 34.
Qe5 Qc7 35. Qd5 Kg7 36. g4 fxg4 37. Qxe4 Nc5 38. Qd4+ Kh6 39. Qd5 Qe7 40. Ng2
Rd6 41. Qxc5 Rd2+ 42. Rxd2 Qxc5 43. Kg3 b5 44. Kxg4 b4 45. e4 b3 46. f5 Qc1 47.
Rd3 b2 48. f6 Qg5+ 0-1

[Event "SK Münster 1 - DJK Aufwärts Aachen 2"]
[Site "NRW-Klasse, Gruppe 2 2014/201"]
[Date "2014.11.16"]
[Round "3.5"]
[White "Buscher, Michael"]
[Black "Molinaroli, Martin"]
[Result "1/2-1/2"]
[WhiteElo "2317"]
[BlackElo "2244"]
[PlyCount "48"]
[EventDate "2014.??.??"]
[WhiteTeam "DJK Aufwärts Aachen 2"]
[BlackTeam "SK Münster 1"]

1. e4 e5 2. Nf3 d6 3. d4 exd4 4. Qxd4 Nc6 5. Bb5 Bd7 6. Bxc6 Bxc6 7. c4 Nf6 8.
Nc3 Be7 9. O-O O-O 10. Re1 Nd7 11. Nd5 Bxd5 12. Qxd5 c6 13. Qd2 Ne5 14. Nxe5
dxe5 15. Qc3 Qc7 16. Be3 Rfd8 17. Rad1 a6 18. a4 Rxd1 19. Rxd1 Rd8 20. Rd2 Rxd2
21. Qxd2 Qd6 22. Kf1 f6 23. h3 Kf7 24. Ke2 Qxd2+ 1/2-1/2

[Event "SK Münster 1 - DJK Aufwärts Aachen 2"]
[Site "NRW-Klasse, Gruppe 2 2014/201"]
[Date "2014.11.16"]
[Round "3.6"]
[White "Kamp, Christoph"]
[Black "Marcziter, Dmitrii"]
[Result "0-1"]
[WhiteElo "2169"]
[BlackElo "2179"]
[PlyCount "126"]
[EventDate "2014.??.??"]
[WhiteTeam "SK Münster 1"]
[BlackTeam "DJK Aufwärts Aachen 2"]

1. c4 e6 2. Nc3 d5 3. d4 c5 4. cxd5 exd5 5. Nf3 Nc6 6. g3 Nf6 7. Bg2 Be7 8. O-O
O-O 9. Bg5 cxd4 10. Nxd4 h6 11. Be3 Bg4 12. h3 Be6 13. Rc1 Qd7 14. Kh2 a6 15.
Na4 Rad8 16. Nxc6 bxc6 17. Nc5 Bxc5 18. Bxc5 Rfe8 19. Bd4 Ne4 20. Qa4 Rc8 21.
Qa3 Qb7 22. f3 Nd2 23. Rfe1 Nc4 24. Qc5 f6 25. b3 Ne5 26. Qc2 Bf7 27. f4 Bg6
28. Qd2 Nd7 29. Bf2 Be4 30. Bf3 c5 31. Bxe4 Rxe4 32. Rcd1 Nb6 33. Qa5 d4 34.
Rd2 Nd5 35. Rc2 Nc3 36. e3 Qe7 37. Qxa6 Re8 38. Qc4+ Kh8 39. Bg1 Rd8 40. Qf1
Nd5 41. Qb5 d3 42. Qxd3 Nb4 43. Qc3 Rd3 44. Qb2 Nxc2 45. Qxc2 Qd6 46. Bf2 Qd5
47. Re2 f5 48. g4 c4 49. bxc4 Rxc4 50. Qb2 Qe4 51. gxf5 Qxf5 52. Be1 Qd7 53.
Qb8+ Rc8 54. Qe5 Rd5 55. Qe4 Re8 56. Qc4 Rh5 57. h4 Rc8 58. Qd4 Rd5 59. Qb2 Rd3
60. Bf2 Rd8 61. Be1 Qe7 62. Bf2 Rd1 63. Be1 Rxe1 0-1

[Event "SK Münster 1 - DJK Aufwärts Aachen 2"]
[Site "NRW-Klasse, Gruppe 2 2014/201"]
[Date "2014.11.16"]
[Round "3.7"]
[White "Juegel, Marcel"]
[Black "Rott, Georg"]
[Result "1-0"]
[WhiteElo "2164"]
[BlackElo "2110"]
[PlyCount "67"]
[EventDate "2014.??.??"]
[WhiteTeam "DJK Aufwärts Aachen 2"]
[BlackTeam "SK Münster 1"]

1. d4 d5 2. Nf3 Nf6 3. e3 e6 4. Bd3 c5 5. b3 Nc6 6. O-O Bd6 7. Bb2 Qe7 8. Ne5
cxd4 9. exd4 O-O 10. Nd2 Ba3 11. Bxa3 Qxa3 12. c3 Ne7 13. Qc2 Qd6 14. Rae1 h6
15. f4 b6 16. Re3 a5 17. g4 Ba6 18. Rh3 Bxd3 19. Qxd3 Ne8 20. Rff3 Ra7 21. Rh4
Rc7 22. Nf1 Qd8 23. Rfh3 Ng6 24. Nxg6 fxg6 25. g5 hxg5 26. Rh8+ Kf7 27. Rxf8+
Kxf8 28. Qxg6 Rf7 29. Qxe6 Kg8 30. Ne3 gxf4 31. Nxd5 Qg5+ 32. Kf2 Nd6 33. Qxd6
Qf5 34. Qd8+ 1-0

[Event "SK Münster 1 - DJK Aufwärts Aachen 2"]
[Site "NRW-Klasse, Gruppe 2 2014/201"]
[Date "2014.11.16"]
[Round "3.8"]
[White "Rehfeldt, Frank"]
[Black "Braeuer, Karl-Heinz"]
[Result "1-0"]
[WhiteElo "2141"]
[BlackElo "1959"]
[PlyCount "43"]
[EventDate "2014.??.??"]
[WhiteTeam "SK Münster 1"]
[BlackTeam "DJK Aufwärts Aachen 2"]

1. e4 c5 2. Nf3 a6 3. c4 Nc6 4. d4 cxd4 5. Nxd4 g6 6. Nc3 Bg7 7. Be3 e6 8. Be2
Nge7 9. O-O d5 10. exd5 exd5 11. cxd5 Nxd5 12. Nxd5 Qxd5 13. Bf3 Qd7 14. Nxc6
bxc6 15. Qa4 Bb7 16. Rad1 Qc7 17. Bc5 Be5 18. Rfe1 f6 19. Bd6 Qb6 20. Bxe5 fxe5
21. Rxe5+ Kf8 22. Qf4+ 1-0

[Event "SG Bochum 2 - SF Katernberg 2"]
[Site "NRW-Klasse, Gruppe 2 2014/201"]
[Date "2014.11.16"]
[Round "3"]
[White "Rosen, Bernd"]
[Black "Kotainy, Jens"]
[Result "1-0"]
[WhiteElo "2277"]
[BlackElo "2334"]
[PlyCount "73"]
[EventDate "2014.??.??"]
[WhiteTeam "SF Katernberg 2"]
[BlackTeam "SG Bochum 2"]

1. c4 e5 2. g3 Nf6 3. Bg2 Nc6 4. Nc3 Bc5 5. Nf3 {Remisangebot} O-O 6. O-O d6 7.
a3 a5 8. d3 Bg4 9. h3 Bh5 10. g4 Bg6 11. Nh4 Rb8 12. Bg5 h6 13. Nxg6 fxg6 14.
Bd2 Qd7 15. Nd5 b5 16. b4 axb4 17. axb4 Bd4 18. Ra6 Ne7 19. Nxe7+ Qxe7 20. c5
dxc5 21. e3 c4 22. exd4 exd4 23. Qe1 Qf7 24. Qe6 c3 25. Qxf7+ Rxf7 26. Bc1 c5
27. bxc5 b4 28. Bf4 Rb5 29. Rb6 Rxc5 30. Rxb4 Nd5 31. Bxd5 Rxd5 32. Bg3 Rf3 33.
Rd1 c2 34. Rc1 Rxd3 35. Rxc2 Rd1+ 36. Kg2 d3 37. Rcc4 1-0

[Event "SG Bochum 2 - SF Katernberg 2"]
[Site "NRW-Klasse, Gruppe 2 2014/201"]
[Date "2014.11.16"]
[Round "3"]
[White "Tkachuk, Konstantyn"]
[Black "Bee, Marcus"]
[Result "1/2-1/2"]
[WhiteElo "2265"]
[BlackElo "2212"]
[PlyCount "37"]
[EventDate "2014.??.??"]
[WhiteTeam "SG Bochum 2"]
[BlackTeam "SF Katernberg 2"]

1. e4 e6 2. d4 d5 3. exd5 exd5 4. Nf3 Bd6 5. c4 c6 6. Nc3 Ne7 7. b3 Bf5 8. Bd3
Bxd3 9. Qxd3 Nd7 10. O-O O-O 11. Bg5 f6 12. Bh4 Re8 13. Rfe1 Nf8 14. Bg3 Bb4
15. Re2 Bxc3 16. Qxc3 Qd7 17. Rae1 Nf5 18. Rxe8 Rxe8 19. Rxe8 1/2-1/2

[Event "SG Bochum 2 - SF Katernberg 2"]
[Site "NRW-Klasse, Gruppe 2 2014/201"]
[Date "2014.11.16"]
[Round "3"]
[White "Wessendorf, Thomas"]
[Black "Dahm, Jochen"]
[Result "1/2-1/2"]
[WhiteElo "2198"]
[BlackElo "2220"]
[PlyCount "105"]
[EventDate "2014.??.??"]
[WhiteTeam "SF Katernberg 2"]
[BlackTeam "SG Bochum 2"]

1. e4 e5 2. Nf3 d6 3. d4 exd4 4. Qxd4 Ne7 5. Bc4 Nbc6 6. Qe3 Ng6 7. Nc3 Be7 8.
Bd2 O-O 9. Nd5 Nce5 10. Bb3 Nxf3+ 11. gxf3 Bh4 12. O-O-O c6 13. Nc3 Re8 14. Kb1
d5 15. Bc1 Be6 16. exd5 Bxd5 17. Bxd5 cxd5 18. Qc5 b6 19. Qxd5 Bxf2 20. Ne4
Qxd5 21. Rxd5 Bh4 22. Rhd1 h6 23. b3 Re6 24. Bb2 Be7 25. Rg1 Rf8 26. Rf5 Rd8
27. a4 Bf8 28. c4 {Remisangebot} Ne7 29. Rh5 f5 30. Nf6+ Kf7 31. Nh7 g5 32.
Rhxg5 Rg6 33. Rxg6 Nxg6 34. Nxf8 Rxf8 35. Kc2 Re8 36. Rg2 Re3 37. Bc1 Rxf3 38.
Bxh6 Rh3 39. Bg5 f4 40. Rf2 f3 41. Kd3 Ke6 42. Ke4 Rh5 43. Bd8 Ne5 44. h4 Nf7
45. Bg5 Nxg5+ 46. hxg5 Rxg5 47. Rxf3 Rg4+ 48. Kd3 a5 49. Rh3 Kd6 50. Rh5 Kc6
51. Rb5 Rg3+ 52. Kc2 Rg2+ 53. Kc3 1/2-1/2

[Event "SG Bochum 2 - SF Katernberg 2"]
[Site "NRW-Klasse, Gruppe 2 2014/201"]
[Date "2014.11.16"]
[Round "3"]
[White "Schlawin, Marlon"]
[Black "Gassmann, Volker"]
[Result "1-0"]
[WhiteElo "2222"]
[BlackElo "2159"]
[PlyCount "49"]
[EventDate "2014.??.??"]
[WhiteTeam "SG Bochum 2"]
[BlackTeam "SF Katernberg 2"]

1. c4 e6 2. g3 d5 3. Bg2 Nf6 4. Nf3 c6 5. b3 Bd6 6. Bb2 O-O 7. O-O Nbd7 8. d4
Qe7 9. Nc3 b6 10. Re1 Bb7 11. Qc2 Rac8 12. e4 dxe4 13. Ng5 Ba3 14. Bxa3 Qxa3
15. Ngxe4 Rcd8 16. Rad1 h6 {Remisangebot} 17. c5 bxc5 18. dxc5 Nd5 19. Rd4 Nxc5
20. Nb1 Qa5 21. b4 Nxb4 22. Nf6+ gxf6 23. Rg4+ Kh8 24. Qc1 Kh7 25. Rh4 1-0

[Event "SG Bochum 2 - SF Katernberg 2"]
[Site "NRW-Klasse, Gruppe 2 2014/201"]
[Date "2014.11.16"]
[Round "3"]
[White "Villwock, Martin"]
[Black "Kitte, Sebastian"]
[Result "1-0"]
[WhiteElo "2171"]
[BlackElo "2204"]
[PlyCount "53"]
[EventDate "2014.??.??"]
[WhiteTeam "SF Katernberg 2"]
[BlackTeam "SG Bochum 2"]

1. b3 e5 2. Bb2 Nc6 3. e3 Nf6 4. Bb5 Bd6 5. Na3 a6 6. Bxc6 dxc6 7. Nc4 Qe7 8.
Ne2 Bd7 9. Nxd6+ cxd6 10. d3 c5 11. Qd2 Bc6 12. e4 O-O-O 13. c4 Nh5 14. g4 Nf6
15. Rg1 Nd7 16. a3 Nf8 17. b4 Ne6 18. Rb1 b5 19. Qc2 bxc4 20. Qxc4 Bb5 21. Qc2
Qd7 22. Rg3 f6 23. Nc3 Nd4 24. Qd1 cxb4 25. Nd5 Kb7 26. Bxd4 exd4 27. Rxb4 {
Zeitüberschreitung} 1-0

[Event "SG Bochum 2 - SF Katernberg 2"]
[Site "NRW-Klasse, Gruppe 2 2014/201"]
[Date "2014.11.16"]
[Round "3"]
[White "Imcke, Patrick"]
[Black "Tkachuk, Sergij"]
[Result "1-0"]
[WhiteElo "2057"]
[BlackElo "2176"]
[PlyCount "71"]
[EventDate "2014.??.??"]
[WhiteTeam "SF Katernberg 2"]
[BlackTeam "SG Bochum 2"]

1. e4 c5 2. Nf3 d6 3. d4 cxd4 4. Nxd4 Nf6 5. Nc3 g6 6. Be3 Bg7 7. f3 O-O 8. Qd2
Nc6 9. O-O-O d5 10. Nxc6 bxc6 11. exd5 cxd5 12. Nxd5 Nxd5 13. Qxd5 Qc7 14. Qc5
Qb7 15. Qa3 Be6 16. Ba6 Qc6 17. Rhe1 Rab8 18. Bd4 Bf5 19. Re2 e5 20. Bc3 Rb6
21. Bd3 Be6 22. Bxe5 a5 23. Bxg7 Kxg7 24. c3 a4 25. Kb1 Rc8 26. Rc1 Rcb8 27. c4
Rb3 28. axb3 Rxb3 29. Be4 Qa6 30. Qc5 a3 31. Rc3 Rxc3 32. Qe5+ f6 33. Qxc3 Bxc4
34. Rc2 axb2 35. Rxb2 Bf7 36. g4 1-0

[Event "SG Bochum 2 - SF Katernberg 2"]
[Site "NRW-Klasse, Gruppe 2 2014/201"]
[Date "2014.11.16"]
[Round "3"]
[White "Werthebach, Felix"]
[Black "Heldt, Maximilian"]
[Result "1-0"]
[WhiteElo "2147"]
[BlackElo "1822"]
[PlyCount "69"]
[EventDate "2014.??.??"]
[WhiteTeam "SG Bochum 2"]
[BlackTeam "SF Katernberg 2"]

1. c4 e5 2. g3 Nf6 3. Bg2 c6 4. Nc3 d5 5. cxd5 cxd5 6. Qb3 Nc6 7. Nxd5 Nd4 8.
Nxf6+ Qxf6 9. Qd1 Bf5 10. d3 Rc8 11. Kf1 Nc2 12. Rb1 Be6 13. b3 Bg4 14. Nf3 Qe6
15. Bb2 e4 16. Ne5 Bh3 17. Rc1 exd3 18. Qxd3 Nb4 19. Qb5+ Nc6 20. Qxb7 Nxe5 21.
Rxc8+ Qxc8 22. Qxc8+ Bxc8 23. Bxe5 f6 24. Bd4 a5 25. Bc6+ Kf7 26. Kg2 Ba6 27.
e4 Bb4 28. Bd5+ Ke7 29. Rc1 Rc8 30. Rxc8 Bxc8 31. Kf3 h5 32. Ke3 Kd6 33. Bc4
Bd7 34. f4 a4 35. Bf7 1-0

[Event "SK Königsspringer Iserlohn 1 - SV Castr"]
[Site "NRW-Klasse, Gruppe 2 2014/201"]
[Date "2014.11.16"]
[Round "3.1"]
[White "Kartsev, Soel"]
[Black "Scheider, Julian"]
[Result "1/2-1/2"]
[WhiteElo "2208"]
[BlackElo "2283"]
[PlyCount "92"]
[EventDate "2014.??.??"]
[WhiteTeam "SV Castrop-Rauxel 1"]
[BlackTeam "SK Königsspringer Iserlohn 1"]

1. e4 c5 2. Nf3 d6 3. d4 cxd4 4. Nxd4 Nf6 5. Nc3 Nc6 6. Be2 g6 7. O-O Bg7 8.
Nb3 O-O 9. Kh1 a6 10. a4 b6 11. f4 Bb7 12. Bf3 Qc7 13. Nd5 Nxd5 14. exd5 Nb8
15. Re1 Re8 16. c3 Nd7 17. Be3 Nf6 18. Qd3 e6 19. c4 exd5 20. cxd5 Nd7 21. Bd4
Nc5 22. Qc3 Bxd4 23. Nxd4 Qd7 24. Nc6 Rxe1+ 25. Qxe1 Re8 26. Qb4 Nd3 27. Qxb6
Nxf4 28. b4 Nd3 29. b5 Nc5 30. bxa6 Bxa6 31. a5 Qf5 32. h3 Qf6 33. Rg1 Kg7 34.
Qb4 Be2 35. Qd4 Qxd4 36. Nxd4 Bxf3 37. gxf3 Re5 38. Nb5 Rxd5 39. Nc7 Rd3 40.
Ra1 Rxf3 41. Kg2 Rd3 42. a6 Nxa6 43. Rxa6 Kf6 44. Ra5 Rd2+ 45. Kf3 Rd3+ 46. Kg2
Rd2+ 1/2-1/2

[Event "SK Königsspringer Iserlohn 1 - SV Castr"]
[Site "NRW-Klasse, Gruppe 2 2014/201"]
[Date "2014.11.16"]
[Round "3.2"]
[White "Schmuecker, Marcus"]
[Black "Kartsev, Alexandr"]
[Result "1/2-1/2"]
[WhiteElo "2194"]
[BlackElo "2170"]
[Annotator "Hausrath,Daniel"]
[PlyCount "61"]
[EventDate "2014.??.??"]
[WhiteTeam "SK Königsspringer Iserlohn 1"]
[BlackTeam "SV Castrop-Rauxel 1"]

1. Nf3 Nf6 2. c4 b6 3. g3 c5 4. Bg2 Bb7 5. O-O g6 6. b3 Bg7 7. Bb2 O-O 8. Nc3
d6 9. d4 cxd4 10. Nxd4 Bxg2 11. Kxg2 a6 12. e4 Qc7 13. Nd5 Qb7 14. f3 Nxd5 15.
cxd5 Nd7 16. Qe2 Rfc8 17. Rac1 b5 18. Rc6 Ne5 $11 19. Rxc8+ Rxc8 20. f4 Nd7 21.
Nc6 Nb8 22. Bxg7 Kxg7 23. Nxb8 Qxb8 24. Rc1 Rxc1 25. Qb2+ f6 26. Qxc1 Qb6 27.
Qc3 Qc5 28. Qxc5 dxc5 29. Kf3 Kf7 30. e5 f5 31. Ke3 1/2-1/2

[Event "SK Königsspringer Iserlohn 1 - SV Castr"]
[Site "NRW-Klasse, Gruppe 2 2014/201"]
[Date "2014.11.16"]
[Round "3.3"]
[White "Boehnke, Martin"]
[Black "Kramps, Rene"]
[Result "1-0"]
[WhiteElo "2097"]
[BlackElo "2039"]
[Annotator "Hausrath,Daniel"]
[PlyCount "121"]
[EventDate "2014.??.??"]
[WhiteTeam "SV Castrop-Rauxel 1"]
[BlackTeam "SK Königsspringer Iserlohn 1"]

1. d4 e6 2. c4 f5 3. Nf3 Nf6 4. g3 d5 5. Bg2 c6 6. O-O Bd6 7. b3 O-O 8. Ba3
Bxa3 9. Nxa3 Nbd7 10. Nb1 b5 11. Nbd2 Ne4 12. Qc2 Bb7 13. Rac1 Rc8 14. Qb2 Qe7
15. Ne5 Nxe5 $11 16. dxe5 Rfd8 17. Nxe4 dxe4 18. Rfd1 Rxd1+ 19. Rxd1 Rd8 20.
Rxd8+ Qxd8 21. cxb5 cxb5 22. e3 b4 23. Bf1 Qd1 24. Qd4 Qxd4 25. exd4 Bd5 26. h4
a5 27. Bb5 Kf7 28. Kf1 g5 29. hxg5 Kg6 30. Ke2 Kxg5 31. Bc4 Bxc4+ 32. bxc4 a4
33. d5 b3 34. axb3 a3 35. d6 a2 36. d7 a1=Q 37. d8=Q+ Kh5 38. Qh4+ Kg6 39. Qf6+
Kh5 40. Qxe6 Kg4 41. Qd7 Qxe5 42. Qxh7 Kg5 43. Qd7 Kg4 44. Kf1 Qa1+ 45. Kg2 Qb2
46. Qe6 Kg5 47. c5 Qc3 48. Qg8+ Kh6 49. Qc4 Qf3+ 50. Kg1 Qd1+ 51. Qf1 Qxb3 52.
Qc1+ Kg6 53. c6 Qe6 54. c7 Qc8 55. Qc6+ Kf7 56. Qd6 e3 57. fxe3 Qa8 58. Qd7+
Kg6 59. c8=Q Qa1+ 60. Kg2 Qb2+ 61. Kh3 1-0

[Event "SK Königsspringer Iserlohn 1 - SV Castr"]
[Site "NRW-Klasse, Gruppe 2 2014/201"]
[Date "2014.11.16"]
[Round "3.4"]
[White "Franke, Thomas"]
[Black "Hille, Ralph Ingo"]
[Result "1/2-1/2"]
[WhiteElo "2076"]
[BlackElo "2072"]
[PlyCount "36"]
[EventDate "2014.??.??"]
[WhiteTeam "SK Königsspringer Iserlohn 1"]
[BlackTeam "SV Castrop-Rauxel 1"]

1. e4 Nc6 2. Nf3 d5 3. exd5 Qxd5 4. Nc3 Qa5 5. d4 Bg4 6. Bb5 O-O-O 7. Bxc6 bxc6
8. Qd3 Bxf3 9. Qxf3 e5 10. dxe5 Qxe5+ 11. Be3 Bc5 12. O-O Bxe3 13. Rae1 Nf6 14.
Rxe3 Qc5 15. b4 Qc4 16. Qf5+ Kb8 17. h3 Rhe8 18. Rfe1 Rxe3 1/2-1/2

[Event "SK Königsspringer Iserlohn 1 - SV Castr"]
[Site "NRW-Klasse, Gruppe 2 2014/201"]
[Date "2014.11.16"]
[Round "3.5"]
[White "Werrn, Pascal"]
[Black "Klauke, Stefan"]
[Result "0-1"]
[WhiteElo "2019"]
[BlackElo "2104"]
[PlyCount "78"]
[EventDate "2014.??.??"]
[WhiteTeam "SV Castrop-Rauxel 1"]
[BlackTeam "SK Königsspringer Iserlohn 1"]

1. d4 d5 2. Nf3 Nc6 3. Bf4 Bg4 4. e3 e6 5. Be2 Bd6 6. Bg3 Nf6 7. O-O Bxg3 8.
hxg3 O-O 9. c4 dxc4 10. Nc3 Qe7 11. Bxc4 e5 12. d5 Rad8 13. Qa4 e4 14. dxc6
exf3 15. Nd5 Nxd5 16. Bxd5 Rxd5 17. Qxg4 fxg2 18. Kxg2 bxc6 19. Rac1 Rd2 20.
Rxc6 Rxb2 21. Qc4 Qxe3 22. Rxc7 Qb6 23. Qf4 Rxa2 24. Rfc1 Qe6 25. Rd1 a5 26.
Rd6 Qe8 27. Qf3 Ra1 28. Ra7 Qe1 29. Kh3 Qf1+ 30. Kh4 Qg1 31. Kh3 Qf1+ 32. Kh4
Ra4+ 33. g4 Qc4 34. Rdd7 g6 35. Rdc7 Qa2 36. Rxf7 Rxf7 37. Ra8+ Kg7 38. Qc3+
Kh6 39. Qe3+ Raf4 0-1

[Event "SK Königsspringer Iserlohn 1 - SV Castr"]
[Site "NRW-Klasse, Gruppe 2 2014/201"]
[Date "2014.11.16"]
[Round "3.6"]
[White "Schwanbeck, Christoph"]
[Black "Mueller, Frank"]
[Result "1-0"]
[WhiteElo "2009"]
[BlackElo "2030"]
[PlyCount "49"]
[EventDate "2014.??.??"]
[WhiteTeam "SK Königsspringer Iserlohn 1"]
[BlackTeam "SV Castrop-Rauxel 1"]

1. Nf3 Nf6 2. d4 g6 3. Bg5 Bg7 4. Nc3 d5 5. g3 Ne4 6. Be3 Nxc3 7. bxc3 c6 8.
Bg2 Nd7 9. Qd2 Qa5 10. c4 Qxd2+ 11. Nxd2 Nf6 12. Rb1 O-O 13. O-O dxc4 14. Nxc4
Nd5 15. Na5 Nc3 16. Nxb7 Nxb1 17. Rxb1 Bf5 18. Bxc6 Rac8 19. d5 e6 20. Nd6 exd5
21. Nxc8 Rxc8 22. Bxd5 a6 23. Rb7 Be6 24. c4 Bf8 25. Ra7 1-0

[Event "SK Königsspringer Iserlohn 1 - SV Castr"]
[Site "NRW-Klasse, Gruppe 2 2014/201"]
[Date "2014.11.16"]
[Round "3.7"]
[White "Kock, Wolfgang"]
[Black "Schartau, Bernd"]
[Result "1-0"]
[WhiteElo "1973"]
[BlackElo "1926"]
[PlyCount "47"]
[EventDate "2014.??.??"]
[WhiteTeam "SV Castrop-Rauxel 1"]
[BlackTeam "SK Königsspringer Iserlohn 1"]

1. c4 f5 2. Nf3 Nf6 3. g3 e6 4. Bg2 d5 5. cxd5 exd5 6. O-O Bd6 7. d3 O-O 8. e3
c6 9. b3 Qe7 10. Bb2 Nbd7 11. Nbd2 a5 12. Re1 Re8 13. Nh4 Ne5 14. Qc2 Bd7 15.
h3 a4 16. f4 Nf7 17. e4 fxe4 18. dxe4 dxe4 19. Nxe4 Nxe4 20. Bxe4 axb3 21.
Bxh7+ Kh8 22. Bxg7+ Kxg7 23. Qg6+ Kf8 24. Qg8# 1-0

[Event "SK Königsspringer Iserlohn 1 - SV Castr"]
[Site "NRW-Klasse, Gruppe 2 2014/201"]
[Date "2014.11.16"]
[Round "3.8"]
[White "Glatzel, Jonas"]
[Black "Rohovoy, Dmitrij"]
[Result "1-0"]
[WhiteElo "1965"]
[BlackElo "1915"]
[Annotator "Hausrath,Daniel"]
[PlyCount "111"]
[EventDate "2014.??.??"]
[WhiteTeam "SK Königsspringer Iserlohn 1"]
[BlackTeam "SV Castrop-Rauxel 1"]

1. e4 c5 2. c3 d5 3. exd5 Qxd5 4. d4 e6 5. Nf3 Nc6 6. Na3 Nf6 7. Be2 Be7 8. O-O
O-O 9. dxc5 Qxd1 10. Rxd1 Bxc5 11. Nc4 Nd5 12. Nfe5 Nce7 13. Bf3 a5 14. Nd3 Ba7
15. Bg5 a4 16. Bh4 Nf5 17. Bg3 Nxg3 18. hxg3 Rb8 19. Nf4 Nxf4 20. gxf4 Bc5 21.
Ne5 f6 22. Nd7 Bxd7 23. Rxd7 b5 24. a3 e5 25. f5 Rfd8 26. Rad1 Rxd7 27. Rxd7 g6
28. Be4 Rc8 29. Kf1 gxf5 30. Bxf5 Re8 31. Bxh7+ Kh8 32. Bg6 Rf8 33. Bf5 Re8 34.
f3 Be3 35. Rb7 Rd8 36. Rxb5 Bc1 37. Bh3 Rd1+ 38. Ke2 Rd2+ 39. Ke1 Rxb2 40. Rxb2
Bxb2 41. Kd2 Bxa3 $11 42. Bd7 Kg7 43. Bxa4 Kg6 44. Ke3 Kg5 45. Bd7 Bd6 46. Ke4
Bc7 47. Bf5 Bb6 48. c4 Kh4 49. Kd5 Kg3 50. Bh3 Kf4 51. c5 Bd8 52. Ke6 e4 53.
fxe4 Kxe4 54. Bg4 Kd4 55. c6 Kc5 56. Kd7 1-0